Global financial reporting and analysis (Record no. 195217)

MARC details
000 -LEADER
fixed length control field 00561nam a2200205Ia 4500
008 - FIXED-LENGTH DATA ELEMENTS--GENERAL INFORMATION
fixed length control field 191130s2007##################000#0#eng##
020 ## - INTERNATIONAL STANDARD BOOK NUMBER
ISBN 9788131512067
082 ## - DEWEY DECIMAL CLASSIFICATION NUMBER
Classification number 332.042 ALE
100 ## - MAIN ENTRY--AUTHOR NAME
Personal name Alexander, David
245 ## - TITLE STATEMENT
Title Global financial reporting and analysis
Statement of responsibility, etc David Alexander
260 ## - PUBLICATION, DISTRIBUTION, ETC. (IMPRINT)
Place of publication New Delhi
Name of publisher Cengage Learning
Year of publication 2007
300 ## - PHYSICAL DESCRIPTION
Number of Pages 736 p. ; 23 cm
650 ## - SUBJECT ADDED ENTRY--TOPICAL TERM
Topical Term Economics
700 ## - ADDED ENTRY--PERSONAL NAME
Personal name Britton, Anne
Personal name Jorissen, Ann
991 ## -
-- 148854
Holdings
Withdrawn status Lost status Damaged status Not for loan Home library Current library Shelving location Date acquired Full call number Accession Number Price effective from Koha item type
        Anna Centenary Library Anna Centenary Library 4TH FLOOR, A WING 13.10.2020 332.042 ALE 303728 13.10.2020 English Books

Find us on the map